ပိုၼ်းၸၢတ်ႈၼေႃႇလွင်းၸဝ်ႈ (10) ၸၢတ်ႈ / (Record no. 26421)

000 -LEADER
fixed length control field 01414nam a22002297a 4500
003 - CONTROL NUMBER IDENTIFIER
control field OSt
005 - DATE AND TIME OF LATEST TRANSACTION
control field 20260124090925.0
008 - FIXED-LENGTH DATA ELEMENTS--GENERAL INFORMATION
fixed length control field 230627b ||||| |||| 00| 0 eng d
040 ## - CATALOGING SOURCE
Transcribing agency SSBUL
041 ## - LANGUAGE CODE
Language code of text/sound track or separate title Shan
082 ## - DEWEY DECIMAL CLASSIFICATION NUMBER
Classification number 294.382353
100 ## - MAIN ENTRY--PERSONAL NAME
Personal name လႃႉထုၼ်း
Titles and words associated with a name ၸဝ်ႈၸရေး၊ ၵဵင်းတုင်
245 ## - TITLE STATEMENT
Title ပိုၼ်းၸၢတ်ႈၼေႃႇလွင်းၸဝ်ႈ (10) ၸၢတ်ႈ /
Statement of responsibility, etc. ၸဝ်ႈၸရေးလႃႉထုၼ်းၵဵင်းတုင်၊ ၶပ်းၶိုင်- ၸဝ်ႈၵုသလ ၵျွၵ်ႉမႄး၊ ၸဝ်ႈဝႃႇယႃႇမ မိူင်းၵိုင်
260 ## - PUBLICATION, DISTRIBUTION, ETC.
Place of publication, distribution, etc. တႃႈၵုင်ႈ
Name of publisher, distributor, etc. Pwint Offset
Date of publication, distribution, etc. 2019
300 ## - PHYSICAL DESCRIPTION
Extent T၊ 24 ၼႃႈ
Dimensions 26 ၸိၼ်ႇထီႇ
500 ## - GENERAL NOTE
General note S-SAT: Dr. Prof Sai Aung Tun
General note ယိူင်းၸူးဝၼ်းၵိူတ်ႇ (50) ပီ ပီၵွၼ်းၶမ်းၸဝ်ႈၶူးလူင်တွၵ်ႉတိူဝ်ႇၶမ်းမၢႆထမ်မသႃမိသေပိုၼ်ဢွၵ်ႇ၊ ပပ်ႉၸဝ်ႈတႃႇၼႁင်းၶေႃတွၵ်ႉတိူဝ်ႇၸၢႆးဢွင်ႇထုၼ်းလူႇတၢၼ်းဝႆႉ
650 ## - SUBJECT ADDED ENTRY--TOPICAL TERM
Topical term or geographic name entry element ၸႃႇတၵ၊ ဝတ်ႉထု၊ ဢပုမ်ႇ
942 ## - ADDED ENTRY ELEMENTS (KOHA)
Koha item type Book (Short term)
100 ## - MAIN ENTRY--PERSONAL NAME
9 (RLIN) 26888
Source of classification or shelving scheme
Source of classification or shelving scheme
Holdings
Withdrawn status Lost status Source of classification or shelving scheme Damaged status Not for loan Collection Code Permanent Location Current Location Shelving location Date acquired Total Checkouts Full call number Barcode Date last seen Copy number Price effective from Koha item type Accession Date last checked out
          Special Collections Shan State Buddhist University Library Shan State Buddhist University Library Special Collection Shelves 27/06/2023   294.382353 လႃႉ ႒႕႒႓ S-SAT SH00002524 27/06/2023 1 27/06/2023 Book (Short term) ႒႕႒႓ S-SAT  
          Tai Collection Shan State Buddhist University Library Shan State Buddhist University Library Tai Shelves 27/06/2023 3 294.382353 လႃႉ ႓႐႑႐ SH00003010 23/12/2025 2 27/06/2023 Books (Long term) ႓႐႑႐ 24/11/2025
          Tai Collection Shan State Buddhist University Library Shan State Buddhist University Library Tai Shelves 27/06/2023 1 294.382353 လႃႉ ႔႐႕႑(3) SH00004051 05/09/2025 3 27/06/2023 Books (Long term) ႔႐႕႑(3) 15/08/2025

Library - 09407999929
Admin Office - 09407999979
Dean Office - 09250910768
Registrar Office - 09892297154
Email - [email protected]
Shan State Buddhist University, Phaya Phyu Taunggyi, Shan State, Myanmar.